|
|
|
|
| LEADER |
01297nam a22002777a 4500 |
| 001 |
40588 |
| 003 |
BD-DhAAL |
| 005 |
20230118153607.0 |
| 008 |
230118t20162013bg ||||| |||| 00| 0 ben d |
| 020 |
|
|
|a 9848324746
|
| 040 |
|
|
|a BD-DhAAL
|c BD-DhAAL
|d BD-DhAAL
|
| 041 |
|
|
|a ben
|
| 082 |
|
|
|a 891.4437
|
| 100 |
|
|
|a চট্টোপাধ্যায়, শরৎচন্দ্র
|9 20141
|
| 245 |
|
|
|a শরৎ সাহিত্য সমগ্র /
|n দ্বিতীয় খন্ড,
|c শরৎচন্দ্র চট্টোপাধ্যায়, সম্পাদক সুকুমার সেন
|
| 260 |
|
|
|a ঢাকা :
|b বিশ্বসাহিত্য ভবন,
|c ২০১৬.
|
| 300 |
|
|
|a ৮৯৬ পৃষ্ঠা ;
|c ২৭ সে.মি.
|
| 362 |
|
|
|a ২য় খন্ড
|
| 526 |
|
|
|a GenEd (Residential Campus)
|
| 541 |
|
|
|a Development Book Agency
|e 40588
|
| 650 |
|
|
|a Short stories, Bengali.
|9 20142
|
| 700 |
|
|
|a সেন, সুকুমার
|9 20143
|
| 852 |
|
|
|a Ayesha Abed Library
|c General Stacks
|
| 942 |
|
|
|2 ddc
|c BK
|
| 999 |
|
|
|c 45467
|d 45467
|
| 952 |
|
|
|0 0
|1 0
|2 ddc
|4 0
|6 891_443700000000000_CHA
|7 0
|9 72663
|a SCL
|b SCL
|c GEN
|d 2023-01-05
|e Development Book Agency
|g 680.00
|l 3
|m 15
|o 891.4437 CHA
|p 3020040588
|r 2026-05-05
|s 2026-02-18
|t 1
|v 680.00
|w 2023-01-05
|y BK
|